Movie Fields Quiz Stats

 Plays Quiz Updated Aug 1, 2018

Also try: Movies From Space
Challenge
Share
Tweet
Score 0/20 Timer 07:00
13 Plays Today
% Correct
Gladiator
93%
Harry Potter and the Deathly Hallows – Part 1
92.1%
12 Years a Slave
81.6%
The Martian
78.1%
Field of Dreams
75.8%
Signs
75.4%
Twister
75.2%
Babe
74.1%
300: Rise of an Empire
73.6%
Tomorrowland
54.4%
% Correct
Australia
53.6%
Oz the Great and Powerful
48.8%
Interstellar
48.2%
Of Mice and Men
45.8%
Children of the Corn
42.9%
The Happening
32.4%
War Horse
29.6%
Jeepers Creepers 2
25.5%
The Count of Monte Cristo
21.7%
Rabbit-Proof Fence
13.4%

You're not logged in!

Compare scores with friends on all Sporcle quizzes.
Join for Free
OR
Log In

You Might Also Like...

Show Comments

Extras

Top Quizzes Today


Score Distribution

Your Account Isn't Verified!

In order to create a playlist on Sporcle, you need to verify the email address you used during registration. Go to your Sporcle Settings to finish the process.

Report this User

Report this user for behavior that violates our Community Guidelines.

Details: